| 000 | 00822nam a22002177a 4500 | ||
|---|---|---|---|
| 005 | 20120921114611.0 | ||
| 008 | 120921t xxu||||| |||| 00| 0 eng d | ||
| 010 | _aENG-105925 | ||
| 020 |
_a9788184553802 _c900.00 |
||
| 035 | _aEN-89458 | ||
| 037 | _bDBAD/PUB | ||
| 040 |
_aDPL _bEnglish |
||
| 082 | _a920 | ||
| 100 |
_952247 _aHegde, Parameshwar |
||
| 245 |
_aThe great legends of East India / _cby Parameshwar Hegde |
||
| 260 |
_aNew Delhi _bOmega Publications _c2012 |
||
| 270 |
_a4378/4B, G-4 JMD House, Murari Lal Street, Ansari Road, Daryaganj _bNew Delhi _e110002 _momega_publications@yahoo.com |
||
| 300 |
_a298p. : _c22cm(Hb) _bill. |
||
| 942 |
_2ddc _cEN _mHEG _h920 |
||
| 999 |
_c70189 _d70189 |
||